000 01006cam a2200289 i 4500
001 24804
003 Mx-PuUPA
005 20251022132140.0
008 140415s2004 ca d r 000 0 eng d
020 _a0131018167
040 _aMx-PuUPA
_bspa
_cMx-PuUPA
_dMx-PuUPA
_erda
041 0 _aeng
100 1 _aBartle, Richard A.,
_eautor
_99381
245 1 0 _aDesigning virtual worlds /
_cRichard a. Bartle
264 4 _aBerkeley, California :
_bNew Riders Publishing,
_c©2004
300 _axxi, 741 páginas :
_bgráficas ;
_c24 cm
336 _atexto
_2rdacontent
_btxt
337 _asin medio
_2rdamedia
_bn
338 _avolumen
_2rdacarrier
_bnc
650 4 _aJuegos con computadora
_xProgramación
650 4 _aInteracción hombre-computadora
650 4 _aJuegos con computadora
_xDiseño
942 _2ddc
_cLI
_h794.815276
_iB223
999 _c24804
_d24804